| 000 | 00546nam a22002057a 4500 | ||
|---|---|---|---|
| 001 | 00027938 | ||
| 005 | 20260123075316.0 | ||
| 008 | 260123b ag ||||| |||| 00| 0 spa d | ||
| 020 | _a9789878894560 | ||
| 040 |
_aAR-CcCEOS _bspa _cAR-CcCEOS |
||
| 041 | _aspa | ||
| 080 | _a82-1 | ||
| 090 | _bLAR | ||
| 100 | 1 |
_aLarice, Cristina, _d1948- _9213 |
|
| 245 |
_aPalabras que me disuelven / _cCristina Larice |
||
| 260 |
_aArgentina : _bArte Sin Aduanas, _c2023. |
||
| 300 |
_a63 p. ; _c21x15 cm. |
||
| 655 | 0 |
_apoesÃas _9214 |
|
| 942 |
_2udc _cBK _n0 |
||
| 999 |
_c27948 _d27948 |
||